=LDR 00000nam 2200000 4500 =001 INLIS000000000010967 =005 20130612102555 =008 ***********************************Ind** =035 ##$$0010-061300000010967 =041 ##$$a Ind =082 ##$$a 690.5 =090 ##$$a 690.5, Sch-s =100 ##$$a Schueller, Wolfgang =245 ##$$a Struktur BAngunana Bertingkat tinggi, WolfgangSchueller; penerjemah Januar Hakim =260 ##$$a 1989 $b Bandung =300 ##$$a ix,378, ilus21 cm =650 ##$$a Bangunan bertingkat =650 ##$$a Struktur =700 ##$$a Hakim, Januar =850 ##$$a NBPNMAT